[Event "PRVA LIGA CENTRALNE SRBIJE 2014"]
[Site "Kraljevo"]
[Date "2014.09.14"]
[Round "3.6"]
[White "Ivanovic, Dragutin"]
[Black "Madjar, Stanislav"]
[Result "1/2-1/2"]
[WhiteElo "2339"]
[BlackElo "2162"]
[PlyCount "108"]
[EventDate "2014.09.13"]

1. d4 Nf6 2. c4 e6 3. Nf3 Bb4+ 4. Nbd2 b6 5. a3 Bxd2+ 6. Bxd2 Bb7 7. Bg5 d6 8.
e3 Nbd7 9. Bd3 h6 10. Bh4 g5 11. Bg3 Ne4 12. Qc2 f5 13. d5 Ndc5 14. Nd4 Qf6 15.
Bxe4 fxe4 16. O-O e5 17. Nb5 O-O 18. b4 Nd3 19. f3 Qg6 20. Rfd1 c6 21. Nxd6
Qxd6 22. fxe4 Nf4 23. exf4 gxf4 24. Bf2 Qg6 25. Kh1 cxd5 26. cxd5 Rac8 27. Qd3
Rfd8 28. a4 Rc7 29. a5 Rdc8 30. axb6 axb6 31. Ra7 Kh8 32. Qh3 Rd8 33. Qh4 Rg8
34. Rg1 Rc1 35. Qh3 Bc8 36. Qf3 Bg4 37. Qd3 Rxg1+ 38. Kxg1 Bf5 39. g3 Bxe4 40.
Qc3 Qf6 41. Qc7 fxg3 42. Bxg3 Qf4 43. Qc3 Bxd5 44. Re7 Qd4+ 45. Qxd4 exd4 46.
Rd7 Bc4 47. Rxd4 b5 48. Kf2 Kh7 49. Ke3 Re8+ 50. Kf4 Kg6 51. Rd6+ Re6 52. Rd7
h5 53. Rd8 Be2 54. Bh4 Rc6 1/2-1/2

[Event "PRVA LIGA CENTRALNE SRBIJE 2014"]
[Site "Kraljevo"]
[Date "2014.09.14"]
[Round "3.6"]
[White "Mickovic, Slavisa"]
[Black "Ratkovic, Milovan"]
[Result "0-1"]
[WhiteElo "2104"]
[BlackElo "2315"]
[PlyCount "98"]
[EventDate "2014.09.13"]

1. d4 d5 2. Nf3 Nf6 3. c4 dxc4 4. Nc3 a6 5. a4 Nc6 6. e3 Bg4 7. Bxc4 e6 8. O-O
Bd6 9. h3 Bh5 10. Be2 O-O 11. Nd2 Bxe2 12. Qxe2 e5 13. d5 Nb4 14. e4 Nc2 15.
Rb1 Nd4 16. Qd3 Nd7 17. Nf3 Nc5 18. Qd1 Qf6 19. Be3 Nxf3+ 20. Qxf3 Qxf3 21.
gxf3 f5 22. Bxc5 Bxc5 23. b4 Ba7 24. Kg2 Rf6 25. Ne2 Raf8 26. Ng3 fxe4 27. fxe4
Rxf2+ 28. Rxf2 Rxf2+ 29. Kh1 Be3 30. Rb3 Bf4 31. Nh5 Rc2 32. b5 Kf7 33. bxa6
bxa6 34. Rb7 Kg6 35. Nxf4+ exf4 36. e5 Rc5 37. d6 cxd6 38. exd6 Rd5 39. d7 Rd2
40. Kg1 Kf6 41. h4 g6 42. a5 Kf5 43. Kf1 h6 44. Ke1 Rd4 45. Rc7 g5 46. Rc6 Rxd7
47. Rxa6 g4 48. Rxh6 g3 49. Rb6 f3 0-1

[Event "PRVA LIGA CENTRALNE SRBIJE 2014"]
[Site "Kraljevo"]
[Date "2014.09.14"]
[Round "3.6"]
[White "Sandic, Vladeta"]
[Black "Ilic, Aleksandar"]
[Result "1-0"]
[WhiteElo "2335"]
[BlackElo "2114"]
[PlyCount "95"]
[EventDate "2014.09.13"]

1. d4 Nf6 2. c4 e6 3. Nc3 Bb4 4. Qc2 Nc6 5. Nf3 d6 6. Bd2 Qe7 7. a3 Bxc3 8.
Bxc3 e5 9. dxe5 dxe5 10. e3 Bg4 11. Be2 O-O 12. h3 Bxf3 13. gxf3 Rad8 14. O-O
Rfe8 15. Rae1 e4 16. f4 Qe6 17. Kh2 Ne7 18. Rg1 Nf5 19. Qa4 a6 20. Qa5 g6 21.
Qxc7 Nd6 22. Rd1 Rd7 23. Qc5 Rc8 24. Qe5 Nde8 25. Rxd7 Qxd7 26. Rd1 Qc6 27. Kg2
b6 28. Bg4 Qa4 29. Rd2 Rc5 30. Qxf6 Nxf6 31. Bxf6 Qe8 32. Rd8 Qxd8 33. Bxd8
Rxc4 34. Bxb6 h5 35. Bd1 Rc6 36. Bd4 f5 37. Bb3+ Kf8 38. Bd5 Rc7 39. b3 Ke7 40.
Bc4 Rc6 41. a4 h4 42. Kf1 Kd7 43. Ke2 Ke7 44. Kd2 a5 45. Kc3 Rc8 46. Bb6 g5 47.
fxg5 Rc6 48. Bd4 1-0